00990nac a22002537a 4500001001000000003000900010005001700019008003400036040005400070072001300124100002000137110011300157110006400270245007500334260004200409300001000451490002600461500007400487650002400561650002000585650001600605650001500621856010000636BR4200163BR-BrBNA20250213125450.0230509b bl.|||m| |||| 00| 0 por d aBR-BrBNAbporcBiblioteca Nacional de Agricultura aK50; E701 aBarros, P.P. de1 aDepartamento Nacional da Producao Vegetal, Rio de Janeiro, GB (Brasil). Div. de Fomento da Producao Vegetal;1 aServico de Informacao Agricola, Rio de Janeiro, GB (Brasil)1 aA ipecacuanha sua extracao, cultura e comercio [Cephaelis ipecacuanha]3 aRio de Janeiro, GB (Brasil): c1942.  a21 p. aSIA (Brazil)vno. 436 a13 illus.; Reprint of "Boletim do Ministerio da Agricultura" Jan 1942 aIndustria florestal aComercializacao aIpecacuanha aExportacao uhttps://repositorio-dspace.agricultura.gov.br/bitstream/1/5932/1/1942%20SIA%20436%20%282%29.pdf